Chelsea all-time top scorers - Statistics

General Stats
  • This quiz has been taken 111 times
    50 since last reset
  • The average score is 4 of 10
Answer Stats
Goals Nationality Player % Correct
211 England Frank Lampard
100%
164 Ivory Coast Didier Drogba
98%
110 Belgium Eden Hazard
88%
150 England Peter Osgood
38%
132 England Jimmy Greaves
29%
202 England Bobby Tambling
21%
193 England Kerry Dixon
21%
150 England Roy Bentley
6%
108 England George Hilsdon
2%
125 England George Mills
2%
No matching quizzes found
Score Distribution
Percent of People with Each Score
Percentile by Number Answered
Your Score History
You have not taken this quiz since the last reset